| 000 | 01178aam a2200313 i 4500 | ||
|---|---|---|---|
| 999 |
_c67831 _d67831 |
||
| 003 | Mx-PuUPA | ||
| 005 | 20220302075450.0 | ||
| 008 | 190424s2014 mx |||||r|||| 00| 0 spa d | ||
| 020 | _a9786070258510 | ||
| 040 |
_aMx-PuUPA _bspa _cMx-PuUPA _dMx-PuUPA _erda |
||
| 041 | 0 | _aspa | |
| 100 | 1 |
_aRobles, Xavier _98057 _eautor |
|
| 245 | 1 | 3 |
_aLa oruga y la mariposa : _blos géneros dramáticos en el cine / _cXavier Robles |
| 250 | _aSegunda edición | ||
| 264 | 1 |
_aCoyoacán, México, D.F. : _bUniversidad Nacional Autónoma de México, _c2014 |
|
| 300 |
_a309 páginas ; _c23 cm. |
||
| 336 |
_2rdacontent _atexto _btxt |
||
| 337 |
_2rdamedia _asin medio _bn |
||
| 338 |
_2rdacarrier _avolumen _bnc |
||
| 490 | 0 | _aColección Miradas en la onscuridad | |
| 650 | 4 |
_aPelículas en movimiento _xHistoria critica |
|
| 650 | 4 |
_aPelículas _xHistoria |
|
| 650 | 4 |
_aGéneros cinematográficos _xClasificación |
|
| 650 | 4 |
_aCine y literatura _xHistoria y critica |
|
| 942 |
_2ddc _cLI _h791.43616 _iR628 |
||